| 000 | 00661nam a2200205Ia 4500 | ||
|---|---|---|---|
| 005 | 20241216011306.0 | ||
| 008 | 190429s9999||||xx |||||||||||||| ||und|| | ||
| 082 |
_a669.3 _bP78 |
||
| 100 | _aPORRAS RAMIREZ WALTER REYNALDO | ||
| 245 | 0 | _aESTUDIO PARA LA SUSTITUCION DE LA IMPORTACIA DE BOBINA PARA LA PLANTA DE HOJALATA EN SIDERPERU | |
| 250 | _a0 | ||
| 260 |
_aCERRO DE PASCO-PERU _bUNDAC _c1994 |
||
| 300 |
_a80 pag. _c30 cm. |
||
| 341 | _h0 | ||
| 490 |
_v0 _a0 |
||
| 505 | _aFABRICACION/PARAMETROS/LAMINACION/TIPOS/ANALISIS ECONOMICO/F | ||
| 541 |
_aD _bPORRAS RAMIREZ, WALTER R. _d07-Mar-03 _oSoles |
||
| 650 | _aIngenieria Metalurgica | ||
| 942 | _cTESIS | ||
| 999 |
_c37869 _d37869 |
||